Suurimmat kaupungit kirjaimittain - P - Statistics

Yleistilastot
  • Tätä visaa on pelattu 914 kertaa
  • Keskiarvotulos 9 / 20
Vastaustilastot
Valtio Väkiluku Kaupunki % Oikein
Ranska 11,4 milj. Pariisi
98%
Kiina 20,9 milj. Peking
96%
Venäjä 6,40 milj. Pietari
83%
Panama 1,62 milj. Panama
76%
Pohjois-Korea 2,98 milj. Pjongjang
73%
Australia 2,23 milj. Perth
64%
Yhdysvallat 7,55 milj. Philadelphia
64%
Haiti 3,53 milj. Port-au-Prince
55%
Kambodža 2,75 milj. Phnom Penh
50%
Yhdysvallat 2,08 milj. Pittsburgh
48%
Yhdysvallat 2,50 milj. Portland
45%
Yhdysvallat 4,83 milj. Phoenix
41%
Intia 7,55 milj. Pune
27%
Brasilia 4,20 milj. Porto Alegre
24%
Meksiko 4,18 milj. Puebla
20%
Intia 2,85 milj. Patna
18%
Nigeria 2,60 milj. Port Harcourt
18%
Pakistan 2,60 milj. Peshawar
16%
Indonesia 1,74 milj. Palembang
15%
Kiina 1,98 milj. Pingdingshan
4%
Ehtoja vastaavia visoja ei löytynyt
Tulosjakauma
Jokaisen tuloksen saaneiden osuus
Persentiili vastausten määrän mukaan
Tuloshistoriasi
Et ole pelannut tätä visaa